[Event "2nd Asian Nations Team Cup U14 2019"]
[Site "Shenzhen"]
[Date "2019.12.21"]
[Round "4.14"]
[White "Wei, Jianzhou"]
[Black "Tsogtbayar, Batlut"]
[Result "1-0"]
[WhiteElo "1755"]
[BlackElo "1404"]
[Annotator "NA RC"]
[PlyCount "115"]
[EventDate "2019.12.19"]
[EventType "team-tourn"]
[EventCountry "CHN"]
[SourceTitle "playchess.com"]
[Source "ChessBase"]
[SourceQuality "1"]
[TimeControl "5400+30"]

1. d4 {[%emt 0:00:00]} d5 {[%emt 0:00:00]} 2. c4 {[%emt 0:00:00]} c6 {[%emt 0:00:00]} 3. Nf3 {[%emt 0:00:11]} Nf6 {[%emt 0:00:16]} 4. Nc3 {[%emt 0:01:37]} dxc4 {[%emt 0:01:20]} 5. a4 {[%emt 0:00:07]} Bf5 {[%emt 0:00:40]} 6. e3 {[%emt 0:01:45]} e6 {[%emt 0:01:15]} 7. Bxc4 {[%emt 0:00:28]} Bb4 {[%emt 0:01:01]} 8. O-O {[%emt 0:00:17]} O-O {[%emt 0:00:38]} 9. Qe2 {[%emt 0:01:58]} Bg6 {[%emt 0:01:54]} 10. Ne5 {[%emt 0:03:32]} Nbd7 {[%emt 0:01:56]} 11. Nxg6 {[%emt 0:00:51]} hxg6 {[%emt 0:00:34]} 12. Rd1 {[%emt 0:02:37]} Qe7 {[%emt 0:01:23]} 13. Na2 {[%emt 0:02:23]} Bd6 {[%emt 0:01:27]} 14. e4 {[%emt 0:00:54]} e5 {[%emt 0:01:25]} 15. d5 {[%emt 0:04:37]} cxd5 {[%emt 0:04:18]} 16. Bxd5 {[%emt 0:01:04]} Nc5 {[%emt 0:02:10]} 17. Nc3 {[%emt 0:00:32]} Ne6 {[%emt 0:01:24]} 18. Nb5 {[%emt 0:05:36]} Nd4 {[%emt 0:14:06]} 19. Nxd4 {[%emt 0:01:27]} exd4 {[%emt 0:00:20]} 20. Bg5 {[%emt 0:02:32]} Rfe8 {[%emt 0:11:32]} 21. Bxf6 {[%emt 0:06:18]} Qxf6 {[%emt 0:02:55]} 22. Qg4 {[%emt 0:04:37]} Rab8 {[%emt 0:01:37]} 23. Rd3 {[%emt 0:01:11]} Re7 {[%emt 0:01:43]} 24. Rf3 {[%emt 0:05:01]} Qe5 {[%emt 0:00:45]} 25. Rh3 {[%emt 0:00:46]} Qf4 {[%emt 0:01:02]} 26. Qxg6 {[%emt 0:00:14]} Rc7 {[%emt 0:02:44]} 27. g3 {[%emt 0:00:59]} Qf6 {[%emt 0:01:07]} 28. Qh7+ {[%emt 0:05:40]} Kf8 {[%emt 0:00:14]} 29. Rh5 {[%emt 0:07:57]} g6 {[%emt 0:01:56]} 30. Qh8+ {[%emt 0:01:14]} Ke7 {[%emt 0:00:23]} 31. Qxf6+ {[%emt 0:01:12]} Kxf6 {[%emt 0:00:17]} 32. Rh7 {[%emt 0:00:16]} g5 {[%emt 0:01:42]} 33. Rh6+ {[%emt 0:00:39]} Ke7 {[%emt 0:02:08]} 34. e5 {[%emt 0:04:38]} Bc5 {[%emt 0:03:49]} 35. Rh7 {[%emt 0:01:36]} Rf8 {[%emt 0:02:16]} 36. Rc1 {[%emt 0:02:18]} a5 {[%emt 0:01:21]} 37. Rg7 {[%emt 0:03:07]} b6 {[%emt 0:01:26]} 38. h4 {[%emt 0:03:06]} gxh4 {[%emt 0:00:34]} 39. gxh4 {[%emt 0:00:06]} Ke8 {[%emt 0:00:47]} 40. e6 {[%emt 0:03:11]} Bd6 {[%emt 0:07:31]} 41. exf7+ {[%emt 0:02:22]} Kd8 {[%emt 0:00:34]} 42. Rxc7 {[%emt 0:03:24]} Bxc7 {[%emt 0:00:35]} 43. Rg8 {[%emt 0:00:32]} Ke7 {[%emt 0:00:24]} 44. h5 {[%emt 0:03:21]} Bf4 {[%emt 0:00:17]} 45. Kf1 {[%emt 0:06:02]} d3 {[%emt 0:00:52]} 46. Bc4 {[%emt 0:00:50]} d2 {[%emt 0:00:11]} 47. Ke2 {[%emt 0:00:12]} Bh6 {[%emt 0:01:20]} 48. Bb3 {[%emt 0:00:29]} Bf4 {[%emt 0:00:31]} 49. f3 {[%emt 0:01:08]} Be5 {[%emt 0:01:48]} 50. Kxd2 {[%emt 0:02:17]} Bxb2 {[%emt 0:00:10]} 51. Kd3 {[%emt 0:01:08]} Bf6 {[%emt 0:00:07]} 52. Ke4 {[%emt 0:00:22]} Ba1 {[%emt 0:00:11]} 53. Kf5 {[%emt 0:00:14]} Bf6 {[%emt 0:00:26]} 54. Rxf8 {[%emt 0:00:33]} Kxf8 {[%emt 0:00:05]} 55. Kxf6 {[%emt 0:00:04]} b5 {[%emt 0:00:07]} 56. h6 {[%emt 0:00:06]} b4 {[%emt 0:00:25]} 57. Be6 {[%emt 0:00:20]} b3 {[%emt 0:00:06]} 58. h7 {[%emt 0:00:04]} 1-0

[Event "2nd Asian Nations Team Cup U14 2019"]
[Site "Shenzhen"]
[Date "2019.12.21"]
[Round "4.17"]
[White "Han, Xuqian Ben"]
[Black "Wang, Benchi"]
[Result "0-1"]
[WhiteElo "1714"]
[BlackElo "1747"]
[Annotator "NA RC"]
[PlyCount "68"]
[EventDate "2019.12.19"]
[EventType "team-tourn"]
[EventCountry "CHN"]
[SourceTitle "playchess.com"]
[Source "ChessBase"]
[SourceQuality "1"]
[TimeControl "5400+30"]

1. e4 {[%emt 0:00:00]} e5 {[%emt 0:00:00]} 2. Nf3 {[%emt 0:00:00]} Nc6 {[%emt 0:00:31]} 3. Bb5 {[%emt 0:00:00]} a6 {[%emt 0:00:30]} 4. Ba4 {[%emt 0:00:00]} Nf6 {[%emt 0:00:17]} 5. d4 {[%emt 0:00:00]} Nxe4 {[%emt 0:04:20]} 6. Qe2 {[%emt 0:01:50]} Nd6 {[%emt 0:04:19]} 7. dxe5 {[%emt 0:00:14]} Nf5 {[%emt 0:01:00]} 8. Qe4 {[%emt 0:00:08]} g6 {[%emt 0:01:55]} 9. Bg5 {[%emt 0:11:38]} Be7 {[%emt 0:01:56]} 10. Bxe7 {[%emt 0:00:33]} Qxe7 {[%emt 0:00:14]} 11. Nc3 {[%emt 0:00:38]} O-O {[%emt 0:17:11]} 12. Nd5 {[%emt 0:01:52]} Qc5 {[%emt 0:01:11]} 13. b4 {[%emt 0:01:01]} Qa7 {[%emt 0:00:20]} 14. Nxc7 {[%emt 0:02:26]} b5 {[%emt 0:00:47]} 15. Nxa8 {[%emt 0:02:12]} bxa4 {[%emt 0:00:07]} 16. g4 {[%emt 0:00:57]} Ng7 {[%emt 0:01:03]} 17. h4 {[%emt 0:04:06]} Qxa8 {[%emt 0:00:16]} 18. h5 {[%emt 0:00:17]} Bb7 {[%emt 0:06:58]} 19. hxg6 {[%emt 0:00:20]} fxg6 {[%emt 0:01:31]} 20. Qd5+ {[%emt 0:01:57]} Rf7 {[%emt 0:00:28]} 21. Ng5 {[%emt 0:01:32]} Nd8 {[%emt 0:00:35]} 22. Qc4 {[%emt 0:01:45]} Bxh1 {[%emt 0:01:25]} 23. O-O-O {[%emt 0:00:13]} Qc6 {[%emt 0:00:53]} 24. Qxc6 {[%emt 0:00:41]} Bxc6 {[%emt 0:00:07]} 25. Nxf7 {[%emt 0:00:04]} Nxf7 {[%emt 0:00:06]} 26. f4 {[%emt 0:00:10]} g5 {[%emt 0:00:58]} 27. f5 {[%emt 0:00:46]} Nxe5 {[%emt 0:00:32]} 28. Rd4 {[%emt 0:00:11]} h5 {[%emt 0:00:19]} 29. gxh5 {[%emt 0:00:22]} Nxf5 {[%emt 0:00:09]} 30. Rd2 {[%emt 0:00:03]} g4 {[%emt 0:00:13]} 31. Rd1 {[%emt 0:00:29]} g3 {[%emt 0:00:20]} 32. Rg1 {[%emt 0:00:03]} Nf3 {[%emt 0:00:18]} 33. Rg2 {[%emt 0:00:05]} Ng5 {[%emt 0:00:07]} 34. Rg1 {[%emt 0:00:08]} Nh3 {[%emt 0:00:12]} 0-1

[Event "2nd Asian Nations Team Cup U14 2019"]
[Site "Shenzhen"]
[Date "2019.12.21"]
[Round "4.18"]
[White "Zhang, Yuanxiao"]
[Black "Kannappan, Thanneermalai"]
[Result "1-0"]
[WhiteElo "1545"]
[BlackElo "1495"]
[Annotator "NA RC"]
[PlyCount "59"]
[EventDate "2019.12.19"]
[EventType "team-tourn"]
[EventCountry "CHN"]
[SourceTitle "playchess.com"]
[Source "ChessBase"]
[SourceQuality "1"]
[TimeControl "5400+30"]

1. e4 {[%emt 0:00:00]} c5 {[%emt 0:00:00]} 2. c3 {[%emt 0:00:00]} Nf6 {[%emt 0:00:00]} 3. e5 {[%emt 0:00:00]} Nd5 {[%emt 0:00:00]} 4. d4 {[%emt 0:00:00]} cxd4 {[%emt 0:00:02]} 5. Nf3 {[%emt 0:00:00]} e6 {[%emt 0:00:04]} 6. cxd4 {[%emt 0:00:00]} d6 {[%emt 0:00:06]} 7. Bc4 {[%emt 0:00:23]} Nb6 {[%emt 0:00:04]} 8. Bb3 {[%emt 0:00:11]} Nc6 {[%emt 0:00:05]} 9. O-O {[%emt 0:00:30]} Be7 {[%emt 0:00:28]} 10. Nc3 {[%emt 0:01:22]} O-O {[%emt 0:00:36]} 11. Bf4 {[%emt 0:01:51]} dxe5 {[%emt 0:03:35]} 12. dxe5 {[%emt 0:00:16]} a6 {[%emt 0:07:30]} 13. Re1 {[%emt 0:06:35]} Qc7 {[%emt 0:05:57]} 14. Qe2 {[%emt 0:00:57]} Bd7 {[%emt 0:03:35]} 15. Rac1 {[%emt 0:02:29]} Rac8 {[%emt 0:08:46]} 16. Bc2 {[%emt 0:00:39]} Nb4 {[%emt 0:09:02]} 17. Bb1 {[%emt 0:00:22]} Bc6 {[%emt 0:14:53]} 18. a3 {[%emt 0:05:24]} N4d5 {[%emt 0:03:43]} 19. Nxd5 {[%emt 0:00:32]} Nxd5 {[%emt 0:00:22]} 20. Bg5 {[%emt 0:01:20]} h6 {[%emt 0:05:39]} 21. Qc2 {[%emt 0:02:23]} f5 {[%emt 0:02:10]} 22. exf6 {[%emt 0:03:12]} Nxf6 {[%emt 0:00:19]} 23. Bxf6 {[%emt 0:00:26]} Rxf6 {[%emt 0:00:27]} 24. Qh7+ {[%emt 0:00:19]} Kf7 {[%emt 0:00:08]} 25. Ne5+ {[%emt 0:00:21]} Ke8 {[%emt 0:00:39]} 26. Bg6+ {[%emt 0:00:29]} Kd8 {[%emt 0:01:14]} 27. Red1+ {[%emt 0:01:29]} Bd6 {[%emt 0:01:47]} 28. Qg8+ {[%emt 0:00:26]} Rf8 {[%emt 0:02:11]} 29. Qxf8+ {[%emt 0:00:20]} Be8 {[%emt 0:00:06]} 30. Qxe8# {[%emt 0:00:09]} 1-0

[Event "2nd Asian Nations Team Cup U14 2019"]
[Site "Shenzhen"]
[Date "2019.12.21"]
[Round "4.19"]
[White "Liu, Fung Ming Mathew"]
[Black "Liu, David J"]
[Result "1/2-1/2"]
[WhiteElo "1493"]
[BlackElo "1897"]
[Annotator "NA RC"]
[PlyCount "84"]
[EventDate "2019.12.19"]
[EventType "team-tourn"]
[EventCountry "CHN"]
[SourceTitle "playchess.com"]
[Source "ChessBase"]
[SourceQuality "1"]
[TimeControl "5400+30"]

1. e4 {[%emt 0:00:00]} e5 {[%emt 0:00:00]} 2. Nf3 {[%emt 0:00:00]} Nf6 {[%emt 0:00:00]} 3. Nxe5 {[%emt 0:00:00]} d6 {[%emt 0:00:00]} 4. Nf3 {[%emt 0:00:04]} Nxe4 {[%emt 0:00:00]} 5. d4 {[%emt 0:00:07]} d5 {[%emt 0:00:00]} 6. Bd3 {[%emt 0:00:11]} Be7 {[%emt 0:00:00]} 7. O-O {[%emt 0:00:08]} Bg4 {[%emt 0:00:01]} 8. Re1 {[%emt 0:00:18]} Nc6 {[%emt 0:00:04]} 9. c3 {[%emt 0:00:47]} Nf6 {[%emt 0:00:15]} 10. h3 {[%emt 0:00:35]} Bh5 {[%emt 0:00:04]} 11. Bf4 {[%emt 0:00:29]} O-O {[%emt 0:00:13]} 12. Nbd2 {[%emt 0:00:06]} Bd6 {[%emt 0:00:20]} 13. Bg5 {[%emt 0:00:36]} h6 {[%emt 0:00:12]} 14. Bh4 {[%emt 0:01:13]} Bf4 {[%emt 0:00:23]} 15. Qc2 {[%emt 0:01:24]} Qd6 {[%emt 0:00:20]} 16. Bxf6 {[%emt 0:00:24]} Qxf6 {[%emt 0:00:07]} 17. Bf1 {[%emt 0:03:32]} Bg6 {[%emt 0:00:10]} 18. Qb3 {[%emt 0:01:01]} Rad8 {[%emt 0:00:55]} 19. g3 {[%emt 0:09:52]} Bxd2 {[%emt 0:01:32]} 20. Nxd2 {[%emt 0:00:24]} b6 {[%emt 0:02:23]} 21. Bg2 {[%emt 0:00:58]} Nb8 {[%emt 0:04:00]} 22. Nf1 {[%emt 0:03:24]} Qd6 {[%emt 0:04:34]} 23. Re5 {[%emt 0:01:06]} c6 {[%emt 0:00:33]} 24. Rae1 {[%emt 0:00:15]} Nd7 {[%emt 0:05:04]} 25. R5e3 {[%emt 0:01:55]} Nf6 {[%emt 0:00:43]} 26. Nd2 {[%emt 0:04:52]} Rfe8 {[%emt 0:00:49]} 27. Nf3 {[%emt 0:04:26]} Be4 {[%emt 0:01:26]} 28. Ne5 {[%emt 0:00:59]} Bxg2 {[%emt 0:00:16]} 29. Kxg2 {[%emt 0:00:05]} Nd7 {[%emt 0:03:40]} 30. Nf3 {[%emt 0:12:03]} Re6 {[%emt 0:01:49]} 31. Rxe6 {[%emt 0:00:40]} fxe6 {[%emt 0:00:10]} 32. Qc2 {[%emt 0:00:13]} Rf8 {[%emt 0:00:42]} 33. Qg6 {[%emt 0:00:58]} Rf6 {[%emt 0:00:06]} 34. Qe8+ {[%emt 0:00:21]} Nf8 {[%emt 0:01:12]} 35. Qa8 {[%emt 0:05:57]} Qc7 {[%emt 0:00:52]} 36. h4 {[%emt 0:04:46]} Kh7 {[%emt 0:01:04]} 37. Qe8 {[%emt 0:02:58]} Qd7 {[%emt 0:01:56]} 38. Qa8 {[%emt 0:00:37]} Qc7 {[%emt 0:00:31]} 39. Qe8 {[%emt 0:02:59]} Qd7 {[%emt 0:00:07]} 40. Qa8 {[%emt 0:00:04]} Qc7 {[%emt 0:00:22]} 41. b4 {[%emt 0:02:06]} c5 {[%emt 0:02:02]} 42. dxc5 {[%emt 0:02:41]} bxc5 {[%emt 0:00:09]} 1/2-1/2

[Event "2nd Asian Nations Team Cup U14 2019"]
[Site "Shenzhen"]
[Date "2019.12.23"]
[Round "5.1"]
[White "Wang, Benchi"]
[Black "Yin, Richard"]
[Result "0-1"]
[WhiteElo "1747"]
[BlackElo "1427"]
[Annotator "NA RC"]
[PlyCount "156"]
[EventDate "2019.12.19"]
[EventType "team-tourn"]
[EventCountry "CHN"]
[SourceTitle "playchess.com"]
[Source "ChessBase"]
[SourceQuality "1"]
[WhiteTeam "China"]
[BlackTeam "Hong Kong"]
[WhiteTeamCountry "CHN"]
[BlackTeamCountry "HKG"]
[TimeControl "5400+30"]

1. d4 {[%emt 0:00:00]} d5 {[%emt 0:00:13]} 2. Nf3 {[%emt 0:00:00]} Nf6 {[%emt 0:00:23]} 3. g3 {[%emt 0:00:10]} e6 {[%emt 0:04:04]} 4. Bg2 {[%emt 0:00:12]} c5 {[%emt 0:06:26]} 5. c3 {[%emt 0:03:06]} Nc6 {[%emt 0:03:34]} 6. O-O {[%emt 0:00:37]} Bd6 {[%emt 0:01:00]} 7. Bg5 {[%emt 0:03:38]} O-O {[%emt 0:13:55]} 8. Nbd2 {[%emt 0:01:50]} cxd4 {[%emt 0:04:13]} 9. cxd4 {[%emt 0:00:55]} Be7 {[%emt 0:00:36]} 10. Bxf6 {[%emt 0:05:40]} Bxf6 {[%emt 0:00:21]} 11. e3 {[%emt 0:00:05]} b6 {[%emt 0:02:32]} 12. Rc1 {[%emt 0:01:54]} Bb7 {[%emt 0:00:53]} 13. a3 {[%emt 0:05:51]} Qd7 {[%emt 0:06:17]} 14. b4 {[%emt 0:00:00]} Ne7 {[%emt 0:02:45]} 15. Qb3 {[%emt 0:02:02]} Rfc8 {[%emt 0:08:15]} 16. Rfd1 {[%emt 0:13:12]} Rc7 {[%emt 0:04:00]} 17. Rxc7 {[%emt 0:01:25]} Qxc7 {[%emt 0:05:25]} 18. Ne1 {[%emt 0:01:05]} Rc8 {[%emt 0:02:47]} 19. Qa4 {[%emt 0:02:52]} Bc6 {[%emt 0:00:16]} 20. b5 {[%emt 0:01:55]} Be8 {[%emt 0:01:49]} 21. Qa6 {[%emt 0:02:33]} Qc3 {[%emt 0:02:18]} 22. Qxa7 {[%emt 0:05:47]} Bxb5 {[%emt 0:00:26]} 23. Qxb6 {[%emt 0:03:00]} Ba4 {[%emt 0:01:17]} 24. Qb1 {[%emt 0:08:57]} Bxd1 {[%emt 0:02:51]} 25. Qxd1 {[%emt 0:00:05]} Qxa3 {[%emt 0:00:08]} 26. Bf1 {[%emt 0:01:37]} Nf5 {[%emt 0:03:00]} 27. Qb3 {[%emt 0:01:56]} Qxb3 {[%emt 0:01:09]} 28. Nxb3 {[%emt 0:00:09]} Nd6 {[%emt 0:00:47]} 29. Nc5 {[%emt 0:00:34]} Ra8 {[%emt 0:02:56]} 30. Ned3 {[%emt 0:00:29]} Ra1 {[%emt 0:01:01]} 31. Kg2 {[%emt 0:00:50]} Nc4 {[%emt 0:01:05]} 32. Be2 {[%emt 0:03:44]} Ra2 {[%emt 0:00:39]} 33. Kf1 {[%emt 0:00:23]} Kf8 {[%emt 0:01:27]} 34. Nb4 {[%emt 0:01:45]} Rb2 {[%emt 0:02:13]} 35. Nbd3 {[%emt 0:00:12]} Ra2 {[%emt 0:01:01]} 36. Nb4 {[%emt 0:00:52]} Ra1+ {[%emt 0:00:19]} 37. Kg2 {[%emt 0:00:06]} Be7 {[%emt 0:00:22]} 38. Nbd3 {[%emt 0:05:31]} Bxc5 {[%emt 0:00:47]} 39. Nxc5 {[%emt 0:00:07]} Ra2 {[%emt 0:00:44]} 40. Kf3 {[%emt 0:02:13]} Ke7 {[%emt 0:00:45]} 41. Bd3 {[%emt 0:00:27]} h6 {[%emt 0:00:21]} 42. h4 {[%emt 0:03:59]} e5 {[%emt 0:02:59]} 43. e4 {[%emt 0:04:59]} exd4 {[%emt 0:04:26]} 44. exd5 {[%emt 0:00:37]} Nd2+ {[%emt 0:01:09]} 45. Kf4 {[%emt 0:05:37]} Kd6 {[%emt 0:00:44]} 46. Na6 {[%emt 0:03:43]} Ra3 {[%emt 0:01:50]} 47. Bb5 {[%emt 0:00:34]} Rf3+ {[%emt 0:01:15]} 48. Kg4 {[%emt 0:00:07]} Rxf2 {[%emt 0:00:38]} 49. Nb4 {[%emt 0:01:27]} Rf6 {[%emt 0:01:16]} 50. Bc6 {[%emt 0:00:46]} Ne4 {[%emt 0:01:03]} 51. h5 {[%emt 0:01:04]} Nf2+ {[%emt 0:00:45]} 52. Kh4 {[%emt 0:00:07]} d3 {[%emt 0:00:30]} 53. Ba4 {[%emt 0:01:05]} Kc5 {[%emt 0:01:01]} 54. Na2 {[%emt 0:00:15]} Kxd5 {[%emt 0:01:25]} 55. Nc3+ {[%emt 0:00:14]} Kc4 {[%emt 0:00:19]} 56. Nb1 {[%emt 0:00:28]} Kb4 {[%emt 0:00:30]} 57. Be8 {[%emt 0:00:41]} Re6 {[%emt 0:00:16]} 58. Bd7 {[%emt 0:00:07]} Rd6 {[%emt 0:00:08]} 59. Bf5 {[%emt 0:00:14]} d2 {[%emt 0:00:19]} 60. Nxd2 {[%emt 0:00:06]} Rxd2 {[%emt 0:00:10]} 61. g4 {[%emt 0:00:09]} Rd4 {[%emt 0:00:30]} 62. Kg3 {[%emt 0:00:12]} Ne4+ {[%emt 0:00:07]} 63. Kh4 {[%emt 0:00:22]} Ng5 {[%emt 0:00:09]} 64. Kg3 {[%emt 0:00:07]} Rd6 {[%emt 0:00:15]} 65. Bc2 {[%emt 0:00:16]} Kc3 {[%emt 0:00:19]} 66. Bb1 {[%emt 0:00:06]} Kd2 {[%emt 0:00:09]} 67. Kf2 {[%emt 0:00:18]} g6 {[%emt 0:00:17]} 68. hxg6 {[%emt 0:00:17]} fxg6 {[%emt 0:00:05]} 69. Ba2 {[%emt 0:00:07]} Rf6+ {[%emt 0:00:04]} 70. Kg2 {[%emt 0:00:07]} Ke3 {[%emt 0:00:10]} 71. Bd5 {[%emt 0:00:04]} h5 {[%emt 0:00:18]} 72. gxh5 {[%emt 0:00:04]} gxh5 {[%emt 0:00:03]} 73. Kg3 {[%emt 0:00:07]} Ne4+ {[%emt 0:00:36]} 74. Kh4 {[%emt 0:00:07]} Kf4 {[%emt 0:00:37]} 75. Bb3 {[%emt 0:00:52]} Rh6 {[%emt 0:01:03]} 76. Bd1 {[%emt 0:00:35]} Ng3 {[%emt 0:01:06]} 77. Bc2 {[%emt 0:00:06]} Nf5+ {[%emt 0:00:12]} 78. Bxf5 {[%emt 0:00:04]} Kxf5 {[%emt 0:00:18]} 0-1

[Event "2nd Asian Nations Team Cup U14 2019"]
[Site "Shenzhen"]
[Date "2019.12.23"]
[Round "5.2"]
[White "Lam, Chun Yung Samuel"]
[Black "Zhang, Yuanxiao"]
[Result "1-0"]
[WhiteElo "1288"]
[BlackElo "1545"]
[Annotator "NA RC"]
[PlyCount "57"]
[EventDate "2019.12.19"]
[EventType "team-tourn"]
[EventCountry "CHN"]
[SourceTitle "playchess.com"]
[Source "ChessBase"]
[SourceQuality "1"]
[WhiteTeam "Hong Kong"]
[BlackTeam "China"]
[WhiteTeamCountry "HKG"]
[BlackTeamCountry "CHN"]
[TimeControl "5400+30"]

1. Nf3 {[%emt 0:00:00]} d5 {[%emt 0:00:00]} 2. g3 {[%emt 0:00:03]} c5 {[%emt 0:00:00]} 3. Bg2 {[%emt 0:00:11]} Nc6 {[%emt 0:00:00]} 4. O-O {[%emt 0:00:25]} Nf6 {[%emt 0:00:11]} 5. d3 {[%emt 0:00:05]} e6 {[%emt 0:00:33]} 6. Nbd2 {[%emt 0:00:22]} Be7 {[%emt 0:00:14]} 7. e4 {[%emt 0:00:04]} O-O {[%emt 0:00:30]} 8. e5 {[%emt 0:00:10]} Nd7 {[%emt 0:00:40]} 9. Re1 {[%emt 0:00:08]} Rb8 {[%emt 0:00:51]} 10. Nf1 {[%emt 0:00:38]} b5 {[%emt 0:00:28]} 11. h4 {[%emt 0:00:17]} c4 {[%emt 0:07:50]} 12. d4 {[%emt 0:00:22]} b4 {[%emt 0:00:23]} 13. c3 {[%emt 0:00:16]} a5 {[%emt 0:07:34]} 14. N1h2 {[%emt 0:00:38]} bxc3 {[%emt 0:24:34]} 15. bxc3 {[%emt 0:00:08]} Rb5 {[%emt 0:00:20]} 16. Ng5 {[%emt 0:00:21]} Bxg5 {[%emt 0:06:36]} 17. Bxg5 {[%emt 0:00:06]} f6 {[%emt 0:00:21]} 18. exf6 {[%emt 0:00:33]} Nxf6 {[%emt 0:00:23]} 19. Ng4 {[%emt 0:00:22]} Qd7 {[%emt 0:00:47]} 20. Bxf6 {[%emt 0:00:34]} gxf6 {[%emt 0:00:25]} 21. Nh6+ {[%emt 0:00:43]} Kh8 {[%emt 0:00:55]} 22. Bh3 {[%emt 0:00:37]} Qg7 {[%emt 0:05:29]} 23. Qh5 {[%emt 0:00:47]} e5 {[%emt 0:10:07]} 24. Bxc8 {[%emt 0:00:25]} Rxc8 {[%emt 0:00:21]} 25. Nf7+ {[%emt 0:01:05]} Kg8 {[%emt 0:00:13]} 26. Nd6 {[%emt 0:00:25]} Rcb8 {[%emt 0:00:12]} 27. Nxb5 {[%emt 0:00:08]} Rxb5 {[%emt 0:00:08]} 28. Qe8+ {[%emt 0:00:04]} Qf8 {[%emt 0:00:44]} 29. Qxc6 {[%emt 0:00:06]} 1-0

[Event "2nd Asian Nations Team Cup U14 2019"]
[Site "Shenzhen"]
[Date "2019.12.23"]
[Round "5.5"]
[White "Hou, Yifan b"]
[Black "Han, Xuqian Ben"]
[Result "1-0"]
[WhiteElo "2124"]
[BlackElo "1714"]
[Annotator "TA"]
[PlyCount "79"]
[EventDate "2019.12.19"]
[EventType "team-tourn"]
[EventCountry "CHN"]
[SourceTitle "playchess.com"]
[Source "ChessBase"]
[SourceQuality "1"]
[WhiteTeam "China"]
[BlackTeam "Hong Kong"]
[WhiteTeamCountry "CHN"]
[BlackTeamCountry "HKG"]

{[%evp 11,79,34,40,2,31,37,43,39,43,54,57,63,144,155,166,165,206,214,219,227,220,226,220,222,254,264,252,231,314,314,390,368,343,327,283,229,267,232,243,261,290,234,229,217,287,277,287,286,310,314,307,316,534,539,529,525,535,483,681,669,1496,639,29977,29942,29983,29985,29985,29986,29986,29987]} 1. d4 Nf6 2. Nf3 g6 3. g3 Bg7 4. Bg2 O-O 5. c4 d6 6. O-O Nc6 7. Bf4 {E60: King's Indian: Unusual lines and Fianchetto Variation without Nc3} (7. Nc3 e5 8. d5 Nb8 9. e4 a5 10. Ne1 Na6 11. Bg5 h6 12. Be3 Ng4 13. Bd2 f5 14. Nd3 b6 15. f3 Nf6 16. Be3 Nc5 17. Nxc5 bxc5 {0-1 (26) Ivanchuk,V (2714)-Amin,B (2709) Zagreb 2018}) 7... Bg4 8. Nc3 Nd7 9. Be3 {White is slightly better.} Rb8 $146 ({Predecessor:} 9... e5 10. d5 Bxf3 11. exf3 Ne7 12. Rc1 f5 13. f4 h6 14. Qd2 Kh7 15. Ne2 Nc8 {1-0 (44) Havanecz,B (2265)-Tengis,B (2155) Budapest 2015}) 10. d5 Bxf3 11. exf3 Nce5 (11... Na5 $1 $14) 12. Bxa7 $16 Ra8 13. Bd4 Nb6 14. b3 c5 15. dxc6 $1 Nxc6 16. Bxg7 Kxg7 17. f4 Qd7 18. Re1 Rfe8 19. Qd2 e6 20. Rad1 Rad8 21. Qb2 f6 {[#]} 22. c5 $1 {[%mdl 512]} Nc8 (22... dxc5 23. Rxd7+) 23. cxd6 ({But not} 23. Bxc6 $6 bxc6 24. b4 d5 $18) 23... Nxd6 24. Ne4 Qe7 25. Nc5 Nf7 26. Rxd8 Ncxd8 27. b4 e5 28. a4 b6 29. fxe5 Nxe5 {[#] ...Nf3+! is the strong threat.} 30. Nd3 $1 {[%mdl 576] Strongly threatening f4. Pin} Qd6 (30... Nxd3 31. Rxe7+) 31. Nxe5 Rxe5 $2 (31... fxe5 {is a better defense.} 32. a5 bxa5 33. bxa5 Re7) 32. Rxe5 $18 fxe5 33. a5 bxa5 34. bxa5 {[%cal Bb4a5,Ba5a6][%mdl 32]} Kh6 (34... Kf6 $142 35. Qa1 Qa6) 35. Qb6 Qd1+ 36. Bf1 Nf7 37. a6 {White mates.} Ng5 38. Qe3 Kh5 39. Qe2+ {[%mdl 64] Double Attack} Nf3+ {[#]} 40. Kg2 $1 {Accuracy: White = 85%, Black = 35%.} 1-0

[Event "2nd Asian Nations Team Cup U14 2019"]
[Site "Shenzhen"]
[Date "2019.12.23"]
[Round "5.6"]
[White "Kannappan, Thanneermalai"]
[Black "Meng, Yihan"]
[Result "0-1"]
[WhiteElo "1495"]
[BlackElo "1787"]
[Annotator "NA RC"]
[PlyCount "94"]
[EventDate "2019.12.19"]
[EventType "team-tourn"]
[EventCountry "CHN"]
[SourceTitle "playchess.com"]
[Source "ChessBase"]
[SourceQuality "1"]
[WhiteTeam "Hong Kong"]
[BlackTeam "China"]
[WhiteTeamCountry "HKG"]
[BlackTeamCountry "CHN"]
[TimeControl "5400+30"]

1. e4 {[%emt 0:00:00]} c5 {[%emt 0:00:00]} 2. Nf3 {[%emt 0:00:00]} a6 {[%emt 0:00:00]} 3. c3 {[%emt 0:00:00]} Nf6 {[%emt 0:00:27]} 4. e5 {[%emt 0:00:50]} Nd5 {[%emt 0:00:10]} 5. d4 {[%emt 0:00:48]} cxd4 {[%emt 0:00:19]} 6. cxd4 {[%emt 0:00:12]} d6 {[%emt 0:00:27]} 7. Nc3 {[%emt 0:03:42]} Nb6 {[%emt 0:01:52]} 8. Bd3 {[%emt 0:09:34]} g6 {[%emt 0:01:18]} 9. O-O {[%emt 0:03:13]} Bg7 {[%emt 0:05:44]} 10. Bf4 {[%emt 0:05:32]} dxe5 {[%emt 0:01:00]} 11. dxe5 {[%emt 0:01:33]} Nc6 {[%emt 0:00:52]} 12. a3 {[%emt 0:04:51]} O-O {[%emt 0:01:23]} 13. Re1 {[%emt 0:04:20]} Nd7 {[%emt 0:06:58]} 14. Bg3 {[%emt 0:16:43]} Nc5 {[%emt 0:00:48]} 15. Bc4 {[%emt 0:04:04]} Bg4 {[%emt 0:07:39]} 16. Qxd8 {[%emt 0:09:17]} Raxd8 {[%emt 0:01:10]} 17. Ng5 {[%emt 0:07:12]} Nd3 {[%emt 0:25:56]} 18. Bxd3 {[%emt 0:01:45]} Rxd3 {[%emt 0:00:23]} 19. f4 {[%emt 0:06:28]} Nd4 {[%emt 0:00:49]} 20. Rac1 {[%emt 0:02:26]} Rd2 {[%emt 0:01:35]} 21. b4 {[%emt 0:01:04]} Rc8 {[%emt 0:07:16]} 22. Nge4 {[%emt 0:03:05]} Rc2 {[%emt 0:00:11]} 23. Bf2 {[%emt 0:02:01]} Rxc1 {[%emt 0:01:20]} 24. Rxc1 {[%emt 0:00:11]} Ne6 {[%emt 0:04:32]} 25. Be3 {[%emt 0:03:52]} g5 {[%emt 0:01:55]} 26. g3 {[%emt 0:01:47]} gxf4 {[%emt 0:00:28]} 27. gxf4 {[%emt 0:00:06]} Bh6 {[%emt 0:02:03]} 28. Nd5 {[%emt 0:01:26]} Rxc1+ {[%emt 0:00:24]} 29. Bxc1 {[%emt 0:00:04]} Kf8 {[%emt 0:07:36]} 30. Kf2 {[%emt 0:00:37]} Nd4 {[%emt 0:04:50]} 31. a4 {[%emt 0:00:37]} Bd7 {[%emt 0:04:02]} 32. Nc5 {[%emt 0:02:11]} Bc6 {[%emt 0:00:03]} 33. Nc3 {[%emt 0:00:25]} Ne6 {[%emt 0:02:32]} 34. Kg3 {[%emt 0:00:55]} Nxc5 {[%emt 0:00:26]} 35. bxc5 {[%emt 0:00:05]} Kg7 {[%emt 0:00:58]} 36. Ne2 {[%emt 0:00:27]} Bxa4 {[%emt 0:00:14]} 37. Kf3 {[%emt 0:00:13]} Bd1 {[%emt 0:00:14]} 38. Ke3 {[%emt 0:00:25]} Bxe2 {[%emt 0:00:12]} 39. Kxe2 {[%emt 0:00:04]} e6 {[%emt 0:02:11]} 40. Kd3 {[%emt 0:00:05]} Kg6 {[%emt 0:00:13]} 41. Ke4 {[%emt 0:00:20]} Kh5 {[%emt 0:01:14]} 42. Kf3 {[%emt 0:01:04]} Kh4 {[%emt 0:00:16]} 43. Ke4 {[%emt 0:00:25]} Kg4 {[%emt 0:00:23]} 44. Kd4 {[%emt 0:00:18]} Bxf4 {[%emt 0:00:14]} 45. Bxf4 Kxf4 {[%emt 0:00:07]} 46. Kc4 {[%emt 0:00:12]} Kxe5 {[%emt 0:00:05]} 47. Kb4 {[%emt 0:00:04]} Kd5 {[%emt 0:00:03]} 0-1